00489nam a2200181Ia 4500008004100000020001500041041000800056082002000064100001000084245005400094250001200148260003900160300000900199440001000208500004900218650003000267700001000297230125s9999 xx 000 0 und d a8131402037 aeng a658.312 44bICF aICFAI aCase Studies in human Resource Management : Vol 3 a1st Ed. c2006bICFAI publicationaHyderabad a318p aICFAI aHuman resource management;ICFAI Case Studies aHuman Resource Management aICFAI